000 01004 a2200241 4500
003 Nust
005 20170207154035.0
010 _a 2002012447
020 _a1556223471
040 _cNust
082 0 0 _a005.435
100 1 _aBlunden, Bill,
245 1 0 _aMemory management :algorithms and implementation in C/C++ - (E-BOOK)
_cby Bill Blunden.
260 _aPlano, Tex. :
_bWordware Pub.,
_cc2003.
300 _axxvii, 360 p. :
_bill. ;
_c23 cm.
440 0 _aWindows programming/development
505 _aIntroduction (Page-xiii),Chapter 1 Memory Management Mechanisms (Page-1),Chapter 2 Memory Management Policies (Page-45),Chapter 3 High-Level Services(Page-127),Chapter 4 Manual Memory Management (Page-207),Chapter 5 Automatic Memory Management (Page-281),Chapter 6 Miscellaneous Topics (Page-343).
650 0 _aC (Computer program language)
650 0 _aC++ (Computer program language)
650 0 _aComputer algorithms.
650 0 _aMemory management (Computer science)
651 _aE-BOOK
942 _2ddc
_cBK
999 _c192365
_d192365